Conozcamos nuestras raíces (Registro nro. 1089)

Detalles MARC
000 -Cabecera
Campo de control de longitud fija 00499aam a2200205 4500
005 - Fecha y hora de la última transacción
Campo de control 20231006095327.0
008 - Elementos de longitud fija--Información general
Campo de control de longitud fija 150406b1998 xxu||||| |||| 00| 0 spa d
041 ## - Idioma
Código de idioma Español
082 ## - Clasificación Decimal Dewey
Número de clasificación 306 A774c
100 ## - Entrada principal--Autor personal
Nombre personal Arrea, Floria
245 ## - Título propiamente dicho
Título Conozcamos nuestras raíces
260 ## - Pie de imprenta
Lugar de publicación, distribución, etc. Costa Rica
260 ## - Pie de imprenta
Nombre del editor, distribuidor, etc. EUCR
260 ## - Pie de imprenta
Fecha de publicación, distribución, etc. 1998
300 ## - Descripción física
Extensión 29 páginas
650 ## - Materia general
Temática (materia general) COSTA RICA
650 ## - Materia general
Temática (materia general) ANTROPOLOGÍA CULTURAL
650 ## - Materia general
Temática (materia general) RAÍCES DEL COSTARRICENSE
942 ## - Punto de acceso adicional KOHA
Tipo de ítem KOHA Libro
Fuente del sistema de clasificación o colocación Dewey Decimal Classification
Existencias
Signatura completa Código de barras Tipo de ítem
306 A774c 8567 Libro